Name the Alma Mater of the Pro Golfers - Statistics

General Stats
  • This quiz has been taken 38 times
  • The average score is 30 of 50
Answer Stats
Golfer School % Correct
Jordan Spieth Texas
97%
Justin Leonard Texas
97%
Justin Thomas Alabama
91%
Tom Watson Stanford
91%
Camilo Villegas Florida
89%
Jim Furyk Arizona
86%
Jon Rahm Arizona State
83%
Phil Mickelson Arizona State
83%
Bubba Watson Georgia
80%
Brian Harman Georgia
80%
Patrick Cantlay UCLA
80%
Lilia Vu UCLA
80%
Max Homa California
74%
Collin Morikawa California
74%
Brooks Koepka Florida State
74%
Paul Azinger Florida State
74%
Jack Nicklaus Ohio State
74%
Hunter Mahan Oklahoma State
69%
Rickie Fowler Oklahoma State
69%
Stacy Lewis Arkansas
66%
John Daly Arkansas
66%
Matt Kuchar Georgia Tech
66%
Stewart Cink Georgia Tech
66%
Bobby Jones Georgia Tech
66%
David Toms LSU
66%
Payne Stewart SMU
66%
Bryson DeChambeau SMU
66%
Ludvig Aberg Texas Tech
66%
Allisen Corpuz USC
66%
Dave Stockton USC
66%
Wyndham Clark Oregon
63%
Arnold Palmer Wake Forest
60%
Webb Simpson Wake Forest
60%
Ryan Palmer Texas A&M
54%
Adam Scott UNLV
51%
Dustin Johnson Coastal Carolina
49%
Matt Fitzpatrick Northwestern
49%
Luke Donald Northwestern
49%
JJ Spaun San Diego State
49%
Fred Couples Houston
46%
Steve Stricker Illinois
37%
Brandt Snedeker Vanderbilt
34%
Keegan Bradley St. John's University
23%
Zach Johnson Drake
20%
Rocco Mediate Florida Southern
17%
Tiger Woods Stanford University
17%
Jason Dufner Auburn University
14%
Mark O'Meara Long Beach State
14%
Robert MacIntyre McNeese State
14%
Graeme McDowell UAB
11%
No matching quizzes found
Score Distribution
Percent of People with Each Score
Percentile by Number Answered
Your Score History
You have not taken this quiz